000 01087cam a22003257a 4500
003 CHAP
005 20251215091626.0
008 971013s1990 r 00010 d
010 _a1082
011 _a2054
035 _a1242
040 _cCHAP
082 _a572
_bG6
100 0 0 _aGortari Krauss, Ludka de.
_950058
245 1 3 _aLa huasteca
_b: vida y milagros
260 _aMéxico, D.F. :
_bCentro de Investigaciones y Estudios Superiores en Antropología Social,
_c1990
300 _a220 p.
_b: gráfs. ; tablas
490 0 _aCuadernos de la casa chata
_v; 173
590 _aBATCH-UPD
_b10
_c20130110
_lUCH01
_h1614
590 _aBATCH-UPD
_b10
_c20130410
_lUCH01
_h1008
590 _aBATCH-UPD
_b10
_c20130914
_lUCH01
_h1625
590 _aCONVERSION
_b10
_c20130109
_lUCH01
_h1302
650 1 4 _aAntropologia.
_96133
650 1 4 _aHuastecas
_xCondiciones sociales.
_956591
700 1 _aRuvalcaba Mercado, Jesús
_9101009
830 0 _aCuadernos de la casa chata
_v; 173
_929795
901 _aBK
942 _cLIBRO
949 _a572 G6
_bBC
_cLIBRO
_d33724000477378
_eLIBRO
_h79139
_i1242
_si
999 _c1082
_d1082